| 000 | 01203cam a2200301 i 4500 | ||
|---|---|---|---|
| 001 | 17602089 | ||
| 003 | EG-ScBUE | ||
| 005 | 20240407094133.0 | ||
| 008 | 130124s2013 nyua f b f001 0 eng d | ||
| 020 | _a9780801452093 (cloth : alk. paper) | ||
| 040 |
_aNIC/DLC _beng _erda _cNIC _dDLC _dEG-ScBUE |
||
| 043 | _aa-qa--- | ||
| 082 | 0 | 4 |
_a953.63 _222 _bKAM |
| 100 | 1 |
_aKamrava, Mehran, _d1964- _eauthor. _94826 |
|
| 245 | 1 | 0 |
_aQatar : _bsmall state, big politics / _cMehran Kamrava. |
| 264 | 1 |
_aIthaca ; _aLondon : _bCornell University Press, _c2013. |
|
| 300 |
_ax, 222 pages : _billustrations ; _c24 cm |
||
| 336 |
_2rdacontent _atext _btxt |
||
| 337 |
_aunmediated _2rdamedia _bn |
||
| 338 |
_avolume _bnc _2rdacarrier |
||
| 504 | _aIncludes bibliographical references and index. | ||
| 505 | 0 | _aSetting the stage -- The subtle powers of a small state -- Foreign policy and power projection -- The stability of royal autocracy -- State capacity and high modernism -- Qatar's moment in history. | |
| 651 | 7 |
_aQatar _xPolitics and government. _2BUEsh _939007 |
|
| 651 | 7 |
_aQatar _xForeign relations. _2BUEsh _939008 |
|
| 653 |
_bBUSBOL _cJuly2015 _cJanuary2016 |
||
| 655 | _vReading book | ||
| 942 |
_2ddc _cBB |
||
| 999 |
_c20221 _d20193 |
||